| 000 | 01301nam a22002297a 4500 | ||
|---|---|---|---|
| 005 | 20210325192740.0 | ||
| 008 | s2531 th thaeng | ||
| 041 | _athaeng | ||
| 090 | _aKU 41 ค121ผ 2531 | ||
| 110 | 0 | _aสำนักงานคณะกรรมการกฤษฎีกา | |
| 245 | 1 | 0 | _aผลงานระหว่างปีงบประมาณ 2528 - 2530 สำนักงานคณะกรรมการกฤษฎีกา |
| 260 | 3 |
_aกรุงเทพฯ : _bกองวิเคราะห์กฎหมายและการร้องทุกข์ สำนักงานคณะกรรมการกฤษฎีกา, _c2531 |
|
| 300 |
_a274 หน้า : _b ภาพประกอบ, แผนภูมิ, แผนผัง, ตาราง26 ซม. |
||
| 610 | _aสำนักงานคณะกรรมการกฤษฎีกา | ||
| 650 | 0 | 4 | _aเคาน์ซิลออฟสเตด |
| 650 | 0 | 4 | _aสำนักงานคณะกรรมการกฤษฎีกา -- ประวัติ |
| 850 | _aNALT | ||
| 942 | _cLB | ||
| 997 |
_aบ27708 _kVC |
||
| 997 | _c000000000035267 | ||
| 998 | _aนางสาวเบญจลักษณ์ สุทธิวิไล | ||
| 999 |
_c35267 _d35267 |
||